[Event "Ch Asia (team)"]
[Site "masterchessopen.com Esfahan (Iran)"]
[Date "2005.12.23"]
[Round "3"]
[White "Kakageldyev Amanmurad (TKM)"]
[Black "Sasikiran Krishnan (IND)"]
[Result "0-1"]
[WhiteElo "2483"]
[BlackElo "2663"]

{ } 1.d4 Nf6 2.c4 g6 3.Nc3 d5 4.Bf4 Bg7 5.e3 c5 6.dxc5 Qa5 7.Rc1 dxc4 8.Bxc4
O-O 9.Ne2 Qxc5 10.Qb3 Nc6 { = ^00 ^01 ^00 ^00 ^00 ^03 O-O ^254 ^00 ^00 ^00
^128 } 11.O-O { N ^254 ^00 ^00 ^00 ^04 !? } ( 11.Nb5 Qh5 12.Nc7 ( 12.Ng3 Qh4
13.Nc7 e5 14.Bg5 Qxg5 15.h4 Qg4 16.Nxa8 Na5 17.Qb5 Nxc4 18.Rxc4 Bd7 19.Qb4 e4
20.Qxb7 Be6 21.Rd4 Nd7 22.Rxd7 Bxd7 23.Nc7 Be5 24.O-O Qxh4 25.Qxa7 Bxb2 26.a4
Be5 27.a5 Bc6 28.Qb6 Rc8 29.Qxc6 Bxg3 30.fxg3 Qxg3 { ...1-0, Mamedyarov
Shakhriyar 2646 - Eljanov Pavel 2639 , Goteborg 4. 8.2005 Ch Europe (team) } )
12...Na5 13.Bxf7+ Rxf7 14.Qa3 Rb8 15.Rc5 Qg4 16.Rg5 Nc4 17.Qxa7 Qd7 18.O-O e5
19.Qxb8 exf4 20.Rc5 Nd2 21.Ne6 Qxe6 22.Qxc8+ Qxc8 23.Rxc8+ Bf8 24.Rd1 fxe3
25.fxe3 Rd7 26.Nd4 Nde4 27.Rdc1 Kf7 28.R1c7 Bd6 29.Rxd7+ Nxd7 30.g3 Nb6 {
...1/2-1/2, Piket Jeroen 2649 - Van Wely Loek 2714 , Monaco 2001 It "Melody
Amber" (blindfold) } ) ( 11.Qb5 Qxb5 12.Bxb5 Bd7 13.O-O Rac8 14.Rfd1 a6
15.Bxc6 Bxc6 16.Nd4 Nd5 17.Nxc6 bxc6 18.Na4 Nxf4 19.exf4 Rfd8 20.g3 Rxd1+
21.Rxd1 c5 22.b3 Bd4 23.Kf1 Rb8 24.Rc1 Rb5 25.Ke2 Kf8 26.Rc2 e6 27.Kd3 Ke7
28.Nc3 Rb7 29.Ne4 Rd7 30.Kc4 Rd5 { ...1/2-1/2, Bozinovic Bogdan 2285 -
Konguvel Ponnuswamy 2403 , Biel 23. 7.2004 It (open) } ) 11...Na5 12.Qb5 {
+0.15 CAP } 12...Qxb5 13.Bxb5 a6 14.Bd3 Bd7 15.e4 Nc6 16.Bb1 Be6 17.Na4 Nd7
18.Be3 Rac8 19.Nf4 b5 20.Nxe6 fxe6 21.Nc3 Nde5 22.b3 { ?! } ( 22.a4 Nc4
23.axb5 Nxe3 24.fxe3 { } ) 22...Ng4 23.Bc5 { ?! } ( 23.Nd1 Nd4 24.Re1 Be5
25.Rxc8 { } ) 23...Nd4 24.b4 Rxc5 25.bxc5 b4 26.Na4 { ?! } ( 26.Bd3 bxc3 27.f3
Nh6 28.Bxa6 { } ) 26...Ne2+ 27.Kh1 Nxc1 28.f3 Bd4 29.g3 Ne2 { } {#R} 0-1

[Event "It (open)"]
[Site "masterchessopen.com Queenstown (New Zealand)"]
[Date "2006.01.23"]
[Round "9"]
[White "Karolyi Tibor Jr (HUN)"]
[Black "Zhao Zong-Yuan (AUS)"]
[Result "0-1"]
[WhiteElo "2362"]
[BlackElo "2455"]

1.d4 Nf6 2.c4 g6 3.Nc3 d5 4.Bf4 Bg7 5.e3 c5 6.dxc5 Qa5 7.Rc1 dxc4 8.Bxc4 O-O
9.Ne2 Qxc5 10.Qb3 Nc6 11.Nb5 Qh5 12.Ng3 Qh4 13.Nc7 g5 14.Bxg5 Qxg5 15.Nxa8 Bd7
16.O-O Rxa8 17.Qxb7 Rb8 18.Qc7 Rc8 19.Qf4 Qxf4 20.exf4 Bh6 21.Ne2 Rb8 22.b3 e6
23.Rfd1 Bf8 24.Nd4 Nxd4 25.Rxd4 Bc5 26.Rd2 Bb6 27.Be2 Kf8 28.Bf3 Ke7 29.g3 Bb5
30.Kg2 h6 31.Be2 Ne4 32.Rdc2 Bd7 33.Bf3 Nd6 34.Bc6 Bc8 35.g4 Ba6 36.Rd1 Rc8
37.Rdc1 Rg8 38.Kf3 h5 39.h3 hxg4+ 40.hxg4 Nb5 41.Bxb5 Bxb5 42.Rc8 Rg7 43.Rb8
Rh7 44.a4 Bd7 45.a5 Bxa5 46.Rb7 Rh3+ 47.Kg2 Rd3 48.Rxa7 Bc3 49.Rc2 Kd6 {#R}
0-1

[Event "Ch Tenerife (team)"]
[Site "masterchessopen.com Tenerife (Spain)"]
[Date "2006.02.04"]
[Round "2"]
[White "Exposito Afonso Ramon (ESP)"]
[Black "Ramos Aguilar Jose (ESP)"]
[Result "0-1"]
[WhiteElo "1945"]
[BlackElo "2236"]

1.d4 Nf6 2.c4 g6 3.Nc3 d5 4.Bf4 Bg7 5.e3 c5 6.dxc5 Qa5 7.Qb3 Bd7 8.Nf3 O-O
9.Nd2 Na6 10.cxd5 Nxc5 11.Qd1 Nfe4 12.Rc1 Nxc3 13.bxc3 Bxc3 14.f3 e5 15.Bh6 e4
16.Bxf8 Ba4 17.Rxc3 Qxc3 18.Qb1 Qxe3+ 19.Be2 Nd3+ {#R} 0-1

[Event "Ch France (team) (nat.2) 2005/06"]
[Site "masterchessopen.com France"]
[Date "2006.04.01"]
[Round "10"]
[White "Geffroy Laurent (FRA)"]
[Black "Lefebvre Jeremie (FRA)"]
[Result "1-0"]
[WhiteElo "2246"]
[BlackElo "1897"]

1.d4 Nf6 2.c4 g6 3.Nc3 d5 4.Bf4 Bg7 5.e3 c5 6.dxc5 Qa5 7.Rc1 Ne4 8.cxd5 Nxc3
9.Qd2 Qxa2 10.bxc3 Qa5 11.Bc4 Qxc5 12.Ba2 O-O 13.Ne2 Nd7 14.e4 Nf6 15.f3 Rd8
16.c4 Bd7 17.Be3 Qa3 18.O-O Ne8 19.c5 Bb5 20.Rfd1 Bb2 21.Rb1 Bxe2 22.Qxe2 Qxa2
23.Rxb2 Qa6 24.Qxa6 bxa6 25.Ra1 Nc7 26.Rb7 Rdc8 27.Bf4 Nb5 28.c6 Nd4 29.Be5
Nxc6 30.dxc6 Rxc6 31.Rxe7 Kf8 32.Rc7 Re6 33.Bd4 {#r} 1-0

[Event "It (open)"]
[Site "masterchessopen.com Foxwoods (USA)"]
[Date "2006.04.14"]
[Round "5"]
[White "Blanco Cesar Augusto (USA)"]
[Black "Tuvshintugs Batchimeg (USA)"]
[Result "1-0"]
[WhiteElo "2128"]
[BlackElo "2237"]

1.d4 Nf6 2.c4 g6 3.Nc3 d5 4.Bf4 Bg7 5.e3 c5 6.dxc5 Qa5 7.Rc1 dxc4 8.Bxc4 O-O
9.Ne2 Qxc5 10.Qb3 Nc6 11.Nb5 Qh5 12.Ng3 Qh4 13.Nc7 e5 14.Bg5 Qxg5 15.h4 Qg4
16.Nxa8 Na5 17.Qb5 Nxc4 18.Rxc4 Bd7 19.Qb4 e4 20.Nc7 Bc6 21.Qd6 Nh5 22.Nxh5
Qxh5 23.Rc5 Qg4 24.Rg5 Qc8 25.Nd5 Bxd5 26.Rxd5 Qc1+ 27.Rd1 Qxb2 28.Qd5 Qb4+
29.Kf1 a5 30.h5 a4 31.Rh4 Re8 32.hxg6 hxg6 33.Rf4 Qe7 34.Rb1 Rd8 35.Qxe4 Qc5
36.Qc4 Qxc4+ 37.Rxc4 a3 38.Ke2 Rd7 39.Rb3 Bb2 40.f4 Kg7 41.Rcb4 Rc7 42.Rxb7
Rc2+ 43.Kf3 Bc1 44.Ra7 Rxa2 45.Rbb7 Rc2 46.Rxf7+ Kg8 47.Rg7+ Kf8 48.Rxg6 Bb2
49.Rb6 {#r} 1-0

[Event "Ch Mittelfranken (HT)"]
[Site "masterchessopen.com Postbauer (Germany)"]
[Date "2006.04.14"]
[Round "7"]
[White "Werner Thomas (GER)"]
[Black "Alt Norbert"]
[Result "1-0"]
[WhiteElo "2056"]
[BlackElo "1866"]

1.d4 Nf6 2.c4 g6 3.Nc3 d5 4.Bf4 Bg7 5.e3 c5 6.dxc5 Qa5 7.Qa4+ Qxa4 8.Nxa4 Na6
9.Be5 Bd7 10.Nc3 dxc4 11.Bxc4 Nxc5 12.b4 Ne6 13.Nge2 O-O 14.Rd1 Rfd8 15.f3
Rac8 16.Bb3 Nc7 17.Kf2 Nfe8 18.Bxg7 Nxg7 19.Rd2 Nge6 20.Rhd1 Bc6 21.Rxd8+ Rxd8
22.Rxd8+ Nxd8 23.Nd4 Bd7 24.Ke2 Nde6 25.Kd3 Kf8 26.Nxe6+ Bxe6 27.Bxe6 Nxe6
28.Nb5 a6 29.Nd4 Nc7 30.Kc4 b6 31.a4 Ke8 32.a5 bxa5 33.bxa5 Kd7 34.Kc5 Na8
35.Nc6 Nc7 36.Nb4 Kc8 37.Kb6 Kd7 38.e4 e6 39.Nxa6 Nxa6 40.Kxa6 Kc6 41.e5 h6
42.f4 g5 43.fxg5 hxg5 44.h3 {#r} 1-0

[Event "Memorial R.Nezhmetdinov"]
[Site "masterchessopen.com Kazan (Russia)"]
[Date "2006.06.04"]
[Round "4"]
[White "Baharev Vladimir (RUS)"]
[Black "Mirzanurov Bulat (RUS)"]
[Result "1-0"]
[WhiteElo "2272"]
[BlackElo "2223"]

1.d4 Nf6 2.c4 g6 3.Nc3 d5 4.Bf4 Bg7 5.e3 c5 6.dxc5 Qa5 7.Qa4+ Qxa4 8.Nxa4 Bd7
9.Nc3 Bc6 10.O-O-O dxc4 11.Nf3 Nbd7 12.Bxc4 Rc8 13.b4 Ng4 14.Nb5 Nxf2 15.Nxa7
Ra8 16.Nxc6 bxc6 17.Ng5 e5 18.Bg3 Nxh1 19.Rxh1 O-O 20.Rd1 Nb8 21.Nxf7 Bf6
22.Nxe5+ Kg7 23.Ng4 Ra4 24.Nxf6 Rxb4 25.Bb3 Rxf6 26.Be5 Rb5 27.Bxf6+ Kxf6
28.Rf1+ Ke5 29.Rf7 Rxc5+ 30.Kd2 h6 31.Bc2 Ra5 32.a4 c5 33.Rh7 Nc6 34.Rxh6 {#r}
1-0

[Event "It (open) (b)"]
[Site "masterchessopen.com Balatonlelle (Hungary)"]
[Date "2006.06.18"]
[Round "2"]
[White "Habiger Gerhard (SUI)"]
[Black "Porat Rami (ISR)"]
[Result "1-0"]
[WhiteElo "1875"]
[BlackElo "1694"]

1.d4 Nf6 2.c4 g6 3.Nc3 d5 4.Bf4 Bg7 5.e3 c6 6.Nf3 Qa5 7.Nd2 O-O 8.h3 Nbd7
9.Bd3 Qb4 10.Qc2 dxc4 11.Bxc4 b5 12.a3 Qa5 13.b4 Qd8 14.Be2 Nb6 15.O-O Nbd5
16.Bh2 Bb7 17.Nb3 Nxc3 18.Qxc3 Ne4 19.Qc2 Rc8 20.Qxe4 f5 21.Qe6+ Kh8 22.Nc5
Rf6 23.Qb3 Ba8 24.Ne6 Qd7 25.Nxg7 Kxg7 26.Be5 {#r} 1-0

[Event "It (open)"]
[Site "masterchessopen.com Brasschaat (Belgium)"]
[Date "2006.08.25"]
[Round "7"]
[White "Leenaerts Kevin (BEL)"]
[Black "Cools Gorik (BEL)"]
[Result "0-1"]
[WhiteElo "2008"]
[BlackElo "2323"]

1.d4 Nf6 2.c4 g6 3.Nc3 d5 4.Bf4 Bg7 5.e3 c5 6.dxc5 Ne4 7.Nxe4 dxe4 8.Qxd8+
Kxd8 9.O-O-O+ Bd7 10.a3 a5 11.Bxb8 Rxb8 12.f3 Kc7 13.Ne2 Bc6 14.f4 b6 15.cxb6+
Rxb6 16.Nd4 Bxd4 17.exd4 Rhb8 18.Rd2 e3 19.Re2 Rb3 20.Rg1 Be4 21.Rc2 Bxc2
22.Kxc2 Rxb2+ 23.Kd3 R8b3+ 24.Ke4 {#R} 0-1

[Event "Cup Mitropa"]
[Site "masterchessopen.com Brno (Czech Republic)"]
[Round "2"]
[White "Bernasek Jan (CZE)"]
[Black "Brkic Ante (CRO)"]
[Result "0-1"]
[WhiteElo "2470"]
[BlackElo "2541"]

{ Brkic Ante (CRO) +1 =0 -0 } 1.d4 Nf6 2.c4 g6 3.Nc3 d5 4.Bf4 Bg7 5.e3 c5
6.dxc5 Qa5 7.Rc1 dxc4 8.Bxc4 O-O 9.Ne2 Qxc5 10.Qb3 Nc6 11.Nb5 Qh5 { ?/= }
12.Nc7 ( 12.Ng3 Qh4 13.Nc7 e5 14.Bxe5 Nxe5 15.Nxa8 Bd7 16.Nc7 Bc6 17.Nd5 Kh8
18.Nf4 g5 19.Nd3 Nxd3+ 20.Qxd3 Bxg2 21.Nf5 Qh3 22.Nxg7 Kxg7 23.Rg1 Qxh2 24.Kd2
h6 25.Qd4 Re8 26.Kc2 Be4+ 27.Kb3 b5 28.Bxb5 Bd5+ 29.Ka3 Re4 30.Qxa7 Qxf2 31.b3
Rxe3 { ...1-0, Dreev Alexey 2698 - Rytshagov Mikhail 2442 , Tallinn 3. 1.2004
Memorial P.Keres (active) } ) 12...Rb8 ( 12...Qa5+ 13.Qc3 Qxc3+ 14.Nxc3 Rb8
15.O-O Nh5 16.Bg5 h6 17.Bh4 g5 18.Bg3 Nxg3 19.hxg3 Be5 20.N7b5 a6 21.Na3 b5
22.Bd5 Nb4 23.Rfd1 Bxc3 24.bxc3 Nxd5 25.Rxd5 Be6 26.Re5 Rfc8 27.c4 b4 28.Rxe6
fxe6 29.Nb1 b3 30.axb3 Rxb3 31.Nd2 Rb2 32.Nf3 { ...0-1, Karr Jean-Philippe
2357 - Nijboer Friso 2567 , France 2003 Ch France (team) 2003 } ) 13.Bxf7+ (
13.Nd5 Ra8 14.Nc7 Rb8 15.Nd5 Ra8 { 1/2-1/2, Pelletier Yannick 2589 - Vallejo
Pons Francisco 2678 , Plovdiv 2003 Ch Europe (team) } ) ( 13.Na6 Ra8 { +0.00
CAP } ) 13...Rxf7 14.Rxc6 Qa5+ 15.Rc3 { -1.17 CAP } ( 15.Nc3 Ne4 16.Nd5 Nxc3
17.Nxe7+ Kf8 18.Rxc3 Bxc3+ 19.bxc3 Rxf4 20.exf4 Kxe7 21.O-O Be6 22.Re1 Qb6
23.Qd5 Kf7 24.Qg5 Rd8 25.Qh4 Kg8 26.h3 Bxa2 27.f5 Bf7 28.Re7 Rd1+ 29.Kh2 Qd6+
30.f4 Qc5 31.Re1 Rxe1 32.Qxe1 Qxf5 33.Qe3 a5 34.Qd4 Bd5 { ...0-1, Zlochevskij
Alexander 2447 - Krasenkow Michal 2530 , Moscow 1989 Ch Moscow (I liga) } )
15...Ne4 { N } ( 15...Nh5 16.Na6 Nxf4 17.Nxb8 Be6 18.Qxb7 Nxe2 19.Kxe2 Bxc3
20.f3 Qxa2 21.Rc1 Qxb2+ 22.Qxb2 Bxb2 23.Rc6 Rf6 24.g4 g5 25.Rc5 h6 26.Nc6 Ba3
27.Rc3 Bd5 28.Nd4 Bb2 29.Rc8+ Rf8 30.Nf5 Rxc8 31.Nxe7+ Kf7 32.Nxc8 Ba3 33.Nxa7
Bc5 34.f4 Bxa7 35.fxg5 { ...0-1, Hoang Thanh Trang 2300 - Hjelm Niclas 2330 ,
Budapest 1993 It (cat.3) } ) 16.Nd5 { ? } ( 16.Qd5 Qxd5 17.Nxd5 e5 18.Bg3 Nxc3
19.Nexc3 Be6 20.Ke2 Rd7 21.Rd1 Kf7 22.e4 Rc8 { } ) 16...Be6 17.Bxb8 Bxd5
18.Qc2 Rxf2 19.Qd3 Bxc3+ 20.Nxc3 Rd2 21.Qxd2 Nxd2 22.Kxd2 Bxg2 23.Rg1 Qd8+
24.Ke2 Qxb8 25.Rxg2 Qe5 26.Rf2 b5 27.a3 a5 28.Kf3 b4 29.axb4 axb4 30.Ne2 Qxb2
{ } {#R} 0-1

[Event "It \"]
[Site "masterchessopen.com Lausanne (Switzerland)"]
[Date "2006.09.16"]
[Round "2"]
[White "Koneru Humpy (IND)"]
[Black "Predojevic Borki (BIH)"]
[Result "1-0"]
[WhiteElo "2545"]
[BlackElo "2590"]

{ } 1.d4 Nf6 2.c4 g6 3.Nc3 d5 4.Bf4 Bg7 5.e3 c5 6.dxc5 Qa5 7.Rc1 dxc4 8.Bxc4
O-O 9.Ne2 Qxc5 10.Qb3 Nc6 11.Nb5 Qh5 { ?/= } 12.Ng3 Qh4 13.Nc7 e5 14.Bxe5 (
14.Bg5 Qxg5 15.h4 Qg4 16.Nxa8 Na5 17.Qb5 Nxc4 18.Rxc4 Bd7 19.Qb4 e4 20.Qxb7
Be6 21.Rd4 Nd7 22.Rxd7 Bxd7 23.Nc7 Be5 24.O-O Qxh4 25.Qxa7 Bxb2 26.a4 Be5
27.a5 Bc6 28.Qb6 Rc8 29.Qxc6 Bxg3 30.fxg3 Qxg3 31.Qxe4 Qxc7 32.a6 Qa7 33.Ra1
Rd8 { ...1-0, Mamedyarov Shakhriyar 2674 - Eljanov Pavel 2663 , Goteborg 4.
8.2005 Ch Europe (team) } ) 14...Nxe5 15.Nxa8 Bd7 ( 15...Bh3 16.gxh3 Rxa8
17.Qxb7 Re8 18.Be2 Qxh3 19.Rc7 Bf8 20.Qb3 a5 21.a3 Bd6 22.Ra7 Rb8 23.Rb7 Rc8
24.Qb6 Rc6 25.Qd8+ Kg7 26.f4 Qg2 27.fxe5 Bxe5 28.Rf1 Bxg3+ 29.hxg3 Rc1+ 30.Bd1
Qxg3+ 31.Kd2 Rc6 32.Rxf7+ { 1-0, Flear Glenn C 2470 - Iten Peter 2255 , Zug
9.1983 It (juniors) (under 20) } ) 16.Nc7 Bc6 ( 16...Rc8 17.Be2 Ne8 18.f4 Ng4
19.Qd1 Nxe3 20.Qxd7 Qxf4 21.Nf1 Nxg2+ 22.Kd1 Qh4 23.Qxc8 Qd4+ 24.Kc2 Qxb2+
25.Kd3 Nf4+ 26.Ke4 Qe5+ 27.Kf3 Qxe2+ 28.Kg3 Nh5+ 29.Kh3 Qf3+ { 0-1,
Veremeichik Vladimir 2361 - Zhigalko Andrey 2369 , Minsk 2001 Ch Belarus } )
17.Nd5 Kh8 ( 17...Nxd5 18.Bxd5 { +0.76 CAP } 18...Bxd5 19.Qxd5 Rd8 20.Qxb7
Nd3+ 21.Ke2 Qf6 22.Ne4 Qe6 23.f3 f5 24.Ng5 Nf4+ 25.Kf2 Nd3+ 26.Kf1 Qxa2 27.Rc8
Bf6 28.Qxh7+ Kf8 29.Rxd8+ Bxd8 30.Qh8+ Ke7 31.Qg7+ Ke8 32.Qxg6+ Ke7 33.Qg7+
Ke8 34.Qh8+ Ke7 35.Ke2 Nxb2 36.Qe5+ Kd7 37.Qxf5+ { ...1-0, Iotov Valentin 2414
- Petrosian Tigran L 2539 , Antalya 17. 5.2004 Ch Europe } ) 18.Nxf6 ( 18.Nf4
g5 19.Nd3 Nxd3+ 20.Qxd3 Bxg2 21.Nf5 Qh3 22.Nxg7 Kxg7 23.Rg1 Qxh2 24.Kd2 h6
25.Qd4 Re8 26.Kc2 Be4+ 27.Kb3 b5 28.Bxb5 Bd5+ 29.Ka3 Re4 30.Qxa7 Qxf2 31.b3
Rxe3 32.Qc5 Qf3 33.Ba4 Qe4 34.Rcd1 Re2 35.Bb5 Rc2 36.Qd6 Rxa2+ 37.Kxa2 Qc2+ {
...1-0, Dreev Alexey 2698 - Rytshagov Mikhail 2442 , Tallinn 3. 1.2004
Memorial P.Keres (active) } ) 18...Bxg2 { +1.12 CAP } 19.Nd5 { N } ( 19.Rg1
Bc6 20.Bd5 Bxf6 21.Bxc6 bxc6 22.e4 Qf4 23.Ke2 Qg4+ 24.f3 Qc8 25.Qa3 h5 26.Rgd1
Re8 27.Qe3 Qh3 28.Nf1 Bg5 29.Qxg5 Qxf3+ 30.Ke1 Ng4 31.Kd2 Qxe4 32.Rc3 Re5
33.Qd8+ Kh7 34.Kc1 Nf2 35.Nd2 Qf5 36.Rf1 Rd5 37.Qh4 Nd3+ 38.Rxd3 Qxd3 {
...1-0, Grigorov Grigor 2321 - Gopal G N 2278 , Kochin 27.11.2004 Ch World
(juniors) (under 20) } ) 19...Rd8 { ?! } ( 19...Bxh1 { !? } 20.Nxh1 Nf3+
21.Kd1 Qxh2 22.Kc2 Ng1 23.Qxb7 Qxh1 24.Kb3 Qh2 25.Qxa7 Qxf2 26.Rc2 { } )
20.Rg1 { ?! } ( 20.Rf1 { !? } 20...h5 21.e4 Nf3+ 22.Kd1 Qxh2 23.Be2 Nd4 24.Qe3
Bxf1 25.Nxf1 Qe5 26.f4 { } ) 20...Nf3+ 21.Ke2 Bh3 22.Kd3 { ?! } ( 22.Rh1 { !?
} 22...Qg4 23.Qxb7 Ne5+ 24.Ke1 Nxc4 25.Qc7 Rc8 26.Qxf7 Nxb2 27.Rxc8+ Qxc8
28.Qc7 Qe8 { } ) 22...Be6 { ?! } ( 22...Ne5+ { !? } 23.Kd2 Be6 24.Ke1 Nf3+
25.Ke2 Qg4 26.Kd3 Ne5+ 27.Kd2 Qh4 28.Ke1 Nf3+ 29.Ke2 { } ) 23.Rgd1 { ?! } (
23.e4 { !? } 23...Nxg1 24.Rxg1 Qxh2 25.Rf1 b6 26.Qb4 Bh3 27.Rh1 Qg2 28.Qd2 { }
) 23...Ne5+ { ?! } ( 23...Qxh2 { !? } 24.Ke2 Bg4 25.Qb4 Qg2 26.Qa5 Ne5+ 27.Ke1
Nf3+ 28.Ke2 Ne5+ 29.Ke1 Nf3+ 30.Ke2 Ne5+ { } ) 24.Kc2 Nxc4 25.Nf4 Rf8 26.Nxe6
fxe6 27.Kb1 b5 28.Rc2 a6 29.a4 Qxh2 30.axb5 axb5 31.Qxb5 Nxe3 32.Nf1 Nxf1
33.Qxf1 h6 34.Qd3 g5 35.Qe4 Qh3 36.Re1 Rb8 37.Rec1 Qf5 38.Rc8+ Rxc8 39.Rxc8+
Kh7 40.Qxf5+ exf5 41.b4 h5 42.Kc2 h4 43.Kd3 h3 44.Ke2 g4 45.Kf1 f4 46.Rc7 Kg6
47.Rxg7+ { } {#r} 1-0

[Event "Ch Netherlands (team) 2006/07"]
[Site "masterchessopen.com Netherlands"]
[Date "2006.09.23"]
[Round "1"]
[White "Van Der Werf Mark (NED)"]
[Black "Henrichs Thomas (GER)"]
[Result "0-1"]
[WhiteElo "2381"]
[BlackElo "2482"]

1.d4 Nf6 2.c4 g6 3.Nc3 d5 4.Bf4 Bg7 5.e3 c5 6.dxc5 Qa5 7.Rc1 dxc4 8.Bxc4 O-O
9.Ne2 Qxc5 10.Qb3 Nc6 11.Nb5 Qh5 12.Ng3 Qh4 13.Nc7 g5 14.Bxg5 Qxg5 15.Nxa8 Bd7
16.Qxb7 Rb8 17.Qc7 Rc8 18.Ne4 Nxe4 19.Qxd7 Rd8 20.Qxc6 Qxg2 21.Rf1 Bxb2 22.Rc2
Bc3+ 23.Rxc3 Rd1+ 24.Kxd1 Nxc3+ 25.Kc2 Qxc6 26.Kxc3 Qxa8 27.Rg1+ Kf8 28.Rg4 e6
29.Rf4 Ke7 30.Kd2 Qg2 31.h4 f6 32.Bd3 e5 33.Ra4 Qxf2+ 34.Be2 Ke6 35.h5 Qg2
36.Rxa7 Qd5+ 37.Ke1 Qc5 38.Ra6+ Kf5 39.Kf2 Kg5 40.Ra4 f5 41.Rc4 Qa7 42.a4 h6
43.Rb4 e4 44.Rd4 Kh4 45.Rd6 Qxa4 46.Rxh6 f4 47.Rf6 fxe3+ 48.Kg1 Qa1+ 49.Rf1
Qb2 50.Rf4+ Kh3 {#R} 0-1

[Event "It (open)"]
[Site "masterchessopen.com Montigny (France)"]
[Date "2006.10.29"]
[Round "2"]
[White "Boussaha Bilal (FRA)"]
[Black "Forissier Nicolas (FRA)"]
[Result "0-1"]
[WhiteElo "1966"]
[BlackElo "1958"]

1.d4 Nf6 2.c4 g6 3.Nc3 d5 4.Bf4 Bg7 5.e3 c6 6.f3 O-O 7.e4 dxe4 8.fxe4 Nh5
9.Be3 e5 10.d5 f5 11.exf5 Bxf5 12.Nf3 Bg4 13.Be2 e4 14.Ng5 Nf4 15.Bxf4 Rxf4
16.Ngxe4 Bf5 17.Bd3 Bxe4 18.Nxe4 Rxe4+ 19.Bxe4 Qh4+ 20.Kf1 Qxe4 21.Qe2 cxd5
22.cxd5 Qxd5 23.Qd1 Qf5+ 24.Qf3 Qxf3+ 25.gxf3 Nc6 26.Kg2 b6 27.b3 Re8 28.Rhe1
Rxe1 29.Rxe1 Kf7 30.Rc1 Ne7 31.Rc7 a5 32.Kf2 Bd4+ 33.Ke2 Bc5 34.Kd3 Ke6 35.Ke4
h6 36.Rb7 Nf5 {#R} 0-1

[Event "Ch Asia (juniors) (under 20)"]
[Site "masterchessopen.com Delhi (India)"]
[Date "2006.11.12"]
[Round "7"]
[White "Purushothaman T (IND)"]
[Black "Sai Srinivas (IND)"]
[Result "0-1"]
[WhiteElo "2240"]
[BlackElo "2333"]

1.d4 Nf6 2.c4 g6 3.Nc3 d5 4.Bf4 Bg7 5.e3 c5 6.dxc5 Qa5 7.Rc1 Ne4 8.cxd5 Nxc3
9.Qd2 Qxa2 10.bxc3 Qa5 11.e4 Nd7 12.Bh6 Bxh6 13.Qxh6 Nxc5 14.f3 Bd7 15.Kf2 Rc8
16.Be2 Qb6 17.Kg3 Qd6+ 18.Qf4 g5 19.Qxd6 exd6 20.Rb1 a6 21.c4 Kd8 22.h4 g4
23.Kf4 Re8 24.h5 h6 25.Rh4 Re5 26.Bd1 f5 27.Bc2 fxe4 28.fxg4 Kc7 29.Ne2 Rf8+
30.Kg3 e3 31.Nf4 e2 32.Re1 Ne4+ 33.Bxe4 Rxe4 34.Nxe2 Re3+ 35.Kh2 Rf2 36.Rh3
Rexe2 37.Rxe2 Rxe2 {#R} 0-1

[Event "Ch Slovenia (team)"]
[Site "masterchessopen.com Murska Sobota (Slovenia)"]
[Date "2006.11.29"]
[Round "5"]
[White "Gyimesi Zoltan (HUN)"]
[Black "Borisek Jure (SLO)"]
[Result "1-0"]
[WhiteElo "2616"]
[BlackElo "2507"]

1.d4 Nf6 2.c4 g6 3.Nc3 d5 4.Bf4 Bg7 5.e3 c5 6.dxc5 Qa5 7.Rc1 dxc4 8.Bxc4 O-O
9.Ne2 Qxc5 10.Qb3 Nc6 11.Nb5 Qh5 12.Ng3 Qh4 13.Nc7 e5 14.Bxe5 Nxe5 15.Nxa8 Bd7
16.Nc7 Bc6 17.Nd5 Kh8 18.Nf4 g5 19.Nd3 Nxd3+ 20.Bxd3 Bxg2 21.Nf5 Qh5 22.Rg1
Qh3 23.Rxg2 Qxg2 24.Nd6 Qd5 25.Qxd5 Nxd5 26.Rc5 Nb4 27.Bc4 Bxb2 28.Rc7 Kg7
29.Rxb7 Bc3+ 30.Ke2 Nc6 31.Bd5 Ne5 32.Ne4 Ba5 33.Nxg5 Kg6 34.Rxa7 Bd8 35.Nf3
Ng4 36.a4 f5 37.a5 Bf6 38.a6 Rc8 39.Rd7 Rc2+ 40.Nd2 Bc3 41.Bf7+ {#r} 1-0

[Event "Ch PriFO"]
[Site "masterchessopen.com Toljatti (Russia)"]
[Date "2007.03.30"]
[Round "9"]
[White "Akhmadeev Vadim (RUS)"]
[Black "Grebionkin Vladimir (RUS)"]
[Result "1-0"]
[WhiteElo "2420"]
[BlackElo "2426"]

1.d4 Nf6 2.c4 g6 3.Nc3 d5 4.Bf4 Bg7 5.e3 c5 6.dxc5 Qa5 7.Rc1 dxc4 8.Bxc4 O-O
9.Ne2 Nc6 10.Qb3 Qxc5 11.Nb5 Qh5 12.Ng3 Qh4 13.Nc7 g5 14.Bxg5 Qxg5 15.Nxa8 Bd7
16.Qxb7 Rb8 17.Qc7 Rxa8 18.Ba6 Nd8 19.O-O Ne6 20.Qb7 Rf8 21.b4 h5 22.f4 Qd5
23.Qxd5 Nxd5 24.Rfd1 Nb6 25.Nxh5 Bb2 26.Rb1 Ba4 27.Rf1 Ba3 28.f5 Ng7 29.Nxg7
Kxg7 30.Rf4 Bc2 31.Rbf1 Nd5 32.Rg4+ Kf6 33.Rf2 Nxe3 34.Rg3 Bc1 35.Re2 Rb8
36.b5 Nxf5 37.Rc3 Bd1 38.Re1 Bb2 39.Rc6+ Kg5 40.Rxd1 Bd4+ 41.Rxd4 Nxd4 42.Rc7
Nxb5 43.Rc5+ {#r} 1-0

[Event "Tournament (open)"]
[Site "masterchessopen.com Savigliano (Italy)"]
[Date "2007.06.01"]
[Round "2"]
[White "Ariaudo Claudio (ITA)"]
[Black "Davi Alessandro (ITA)"]
[Result "1-0"]
[WhiteElo "2014"]
[BlackElo "1915"]

1.d4 Nf6 2.c4 g6 3.Nc3 d5 4.Bf4 Bg7 5.e3 a6 6.cxd5 O-O 7.Nf3 Nbd7 8.Be2 Nb6
9.e4 Re8 10.O-O e6 11.dxe6 Bxe6 12.Qc2 Bg4 13.Rad1 Nxe4 14.Nxe4 Bf5 15.Bd3
{#r} 1-0

[Event "It (open) (b)"]
[Site "masterchessopen.com Kowalewo Pomorskie (Poland)"]
[Date "2007.07.04"]
[Round "1"]
[White "Tarczykowski Janusz (POL)"]
[Black "Kapica Pawel (POL)"]
[Result "1-0"]
[WhiteElo "1935"]
[BlackElo "1804"]

1.d4 Nf6 2.c4 g6 3.Nc3 d5 4.Bf4 Bg7 5.e3 c5 6.dxc5 Qa5 7.Qd2 dxc4 8.Bxc4 O-O
9.Rc1 Rd8 10.b4 Rxd2 11.bxa5 Rd8 12.Nf3 Nc6 13.O-O Nxa5 14.Bc7 Nxc4 15.Bxd8
Kf8 16.Bc7 Bg4 17.Ne5 Be6 18.Nb5 Ne8 19.Nxc4 a6 20.Nb6 {#r} 1-0

[Event "It (open)"]
[Site "masterchessopen.com Pardubice (Czech Republic)"]
[Date "2007.07.27"]
[Round "8"]
[White "Tikkanen Hans (SWE)"]
[Black "Novotny Michal (CZE)"]
[Result "1-0"]
[WhiteElo "2426"]
[BlackElo "2278"]

1.d4 Nf6 2.c4 g6 3.Nc3 d5 4.Bf4 Bg7 5.e3 c5 6.dxc5 Qa5 7.Rc1 dxc4 8.Bxc4 O-O
9.Ne2 Qxc5 10.Qb3 Qh5 11.Ng3 Qh4 12.Nb5 Na6 13.Nd4 Nd7 14.Nge2 Qf6 15.Bg3 e5
16.Nb5 h5 17.h3 Ndc5 18.Qa3 Ne4 19.Bd5 Nxg3 20.Nxg3 Qb6 21.Nd6 Nb4 22.Bxf7+
Rxf7 23.Nxf7 Kxf7 24.O-O Be6 25.Rfd1 Nxa2 26.Rd6 Qb4 27.Rc7+ {#r} 1-0

[Event "It (open)"]
[Site "masterchessopen.com Rostock (Germany)"]
[Date "2007.08.25"]
[Round "5"]
[White "Kliewe Hans-Juergen (GER)"]
[Black "Peschke Uwe (GER)"]
[Result "1-0"]
[WhiteElo "2204"]
[BlackElo "2144"]

1.d4 Nf6 2.c4 g6 3.Nc3 d5 4.Bf4 Bg7 5.e3 c5 6.cxd5 Nxd5 7.Bxb8 Nxc3 8.bxc3
Rxb8 9.Qa4+ Bd7 10.Qxa7 cxd4 11.cxd4 Qc7 12.Qa3 O-O 13.Rc1 Qb6 14.Bc4 e5
15.dxe5 Bxe5 16.Nf3 Bd6 17.Qb3 Qa5+ 18.Ke2 Ba4 19.Qc3 Qh5 20.Qd4 Ba3 21.Rb1
Bc6 22.Rhd1 b5 23.Bb3 Rbe8 24.Qa7 Bc5 25.Qc7 Be4 26.Rb2 Re7 27.Rd7 Rxd7
28.Qxd7 Bxf3+ 29.gxf3 Bxe3 30.Qd5 Qxd5 31.Bxd5 Bf4 32.Rxb5 Re8+ 33.Kf1 Bxh2
34.Rb7 Re5 35.Bxf7+ Kf8 36.Bb3 Re7 37.Rb5 Ke8 38.a4 Kd7 39.a5 Re5 40.Rb7+ Kc6
41.Rxh7 Rxa5 42.Rxh2 {#r} 1-0

[Event "Ch Tatarstan (open)"]
[Site "masterchessopen.com Kazan (Russia)"]
[Date "2007.08.26"]
[Round "7"]
[White "Akhmadeev Vadim (RUS)"]
[Black "Amirkhanov Roustem (RUS)"]
[Result "1-0"]
[WhiteElo "2420"]
[BlackElo "2264"]

1.d4 Nf6 2.c4 g6 3.Nc3 d5 4.Bf4 Bg7 5.e3 c5 6.dxc5 Qa5 7.Rc1 dxc4 8.Bxc4 O-O
9.Ne2 Qxc5 10.Qb3 Nc6 11.Nb5 Qh5 12.Ng3 Qh4 13.Nc7 g5 14.Bxg5 Qxg5 15.Nxa8 Qe5
16.O-O Qb8 17.Bxf7+ Rxf7 18.Rxc6 Qxa8 19.Rc7 e6 20.Rxf7 Kxf7 21.Nf5 Bf8 22.Rc1
Qb8 23.Nd4 Bd7 24.f4 Ke7 25.Rc6 Nd5 26.Rxe6+ {#r} 1-0

[Event "Memorial Kesarovski - Georgiev (open)"]
[Site "masterchessopen.com Sunny Beach (Bulgaria)"]
[Date "2007.09.12"]
[Round "3"]
[White "Amerkeshev Madiyar (KAZ)"]
[Black "Ivanova Simoneta (BUL)"]
[Result "1-0"]
[WhiteElo "2157"]
[BlackElo "1936"]

1.d4 Nf6 2.c4 g6 3.Nc3 d5 4.Bf4 Bg7 5.e3 c6 6.h3 O-O 7.Nf3 Bf5 8.Be2 dxc4
9.Bxc4 Nd5 10.Bg3 Nxc3 11.bxc3 Nd7 12.O-O b5 13.Bb3 a5 14.a4 Qb6 15.Re1 Nf6
16.Ne5 Ne4 17.Kh2 Nxc3 18.Qc1 b4 19.f3 Qb7 20.Qb2 Rac8 21.Rac1 c5 22.Rxc3 Bxe5
23.Bxe5 bxc3 24.Bxf7+ Kxf7 25.Qxb7 cxd4 26.exd4 c2 27.Bd6 c1=Q 28.Rxc1 Rxc1
29.Qxe7+ {#r} 1-0